| 000 | 00760nam a2200289Ia 4500 | ||
|---|---|---|---|
| 008 | 160803s9999 xx 000 0 und d | ||
| 020 | _a 978-0142415153 | ||
| 100 | _aSt. John Lauren | ||
| 245 | 4 | _aThe last leopard / | |
| 245 | _cLauren St. John. | ||
| 260 | _aNew York : | ||
| 260 | _bScholastic Inc. | ||
| 260 | _c2008 | ||
| 300 | _a199 pages ; | ||
| 300 | _c22 cm | ||
| 650 | _aAnimals -- Africa, Southern -- | ||
| 650 | _aHuman-animal relationships -- | ||
| 650 | _aLeopard -- | ||
| 650 | _aProphecies -- | ||
| 650 | _aWildlife conservation -- | ||
| 650 | _xJuvenile fiction. | ||
| 650 | _xJuvenile fiction. | ||
| 650 | _xJuvenile fiction. | ||
| 650 | _xJuvenile fiction. | ||
| 650 | _xJuvenile fiction. | ||
| 700 | _a920 | ||
| 999 |
_c298446 _d298446 |
||